Gopher : (Record no. 3698)

MARC details
000 -LEADER
fixed length control field 01055nam a22002177a 4500
001 - CONTROL NUMBER
control field 3698
003 - CONTROL NUMBER IDENTIFIER
control field FISKH
005 - DATE AND TIME OF LATEST TRANSACTION
control field 20240422142513.0
008 - FIXED-LENGTH DATA ELEMENTS--GENERAL INFORMATION
fixed length control field 240422b cb ||||| |||| 00| 0 eng d
040 ## - CATALOGING SOURCE
Original cataloging agency FISKH
Language of cataloging eng
Transcribing agency FISKH
Modifying agency FISKH
050 ## - LIBRARY OF CONGRESS CALL NUMBER
Classification number PZ7
082 ## - DEWEY DECIMAL CLASSIFICATION NUMBER
Classification number 796.01
100 ## - MAIN ENTRY--PERSONAL NAME
Personal name Anonymous
245 ## - TITLE STATEMENT
Title Gopher :
Remainder of title The leader in quality Physical Education, Athletics, and Fitness equipment /
260 ## - PUBLICATION, DISTRIBUTION, ETC.
Place of publication, distribution, etc. Owatonna :
Name of publisher, distributor, etc. Health Movies Mind,
Date of publication, distribution, etc. 2021.
300 ## - PHYSICAL DESCRIPTION
Extent 604 pages :
Other physical details color illustrations ;
Dimensions 27 cm
520 ## - SUMMARY, ETC.
Summary, etc. Personal equipment packs to designed for teaching PE during challenging times. It is designed to promote physical activity and safety by providing every student their own set of equipment. Each My PE Pack configuration can be used in any setting and by student of all ages and abilities. My PE Packs includes access to free, easy- to - implement activities that stress physical distancing while avoiding the need to share equipment.
650 ## - SUBJECT ADDED ENTRY--TOPICAL TERM
Topical term or geographic name entry element Educations
Form subdivision Athletics
General subdivision Training
942 ## - ADDED ENTRY ELEMENTS (KOHA)
Source of classification or shelving scheme Dewey Decimal Classification
Koha item type Books
Suppress in OPAC No
Holdings
Withdrawn status Lost status Source of classification or shelving scheme Damaged status Not for loan Collection Home library Current library Shelving location Date acquired Total Checkouts Full call number Barcode Date last seen Price effective from Koha item type
    Dewey Decimal Classification     Reference Footprints International School Library Network Toul Kork Campus Footprints International School Library Network Toul Kork Campus   04/22/2024   ANO 796.01 PZ7 2024-0489 04/22/2024 04/22/2024 Books